Machiavelli's politics (Record no. 82270)

MARC details
000 -LEADER
fixed length control field 01055nam a2200253 a 4500
008 - FIXED-LENGTH DATA ELEMENTS--GENERAL INFORMATION
fixed length control field 190128s2017 ||||||||||||||||| || u
010 ## - LIBRARY OF CONGRESS CONTROL NUMBER
LC control number 2016033961
020 ## - INTERNATIONAL STANDARD BOOK NUMBER
International Standard Book Number 9780226434803 (cloth : alk. paper)
020 ## - INTERNATIONAL STANDARD BOOK NUMBER
International Standard Book Number 9780226434940 (e-book)
050 ## - LIBRARY OF CONGRESS CALL NUMBER
Classification number JC 143 Zuc
100 ## - MAIN ENTRY--PERSONAL NAME
Personal name Zuckert H. Catherine
245 10 - TITLE STATEMENT
Title Machiavelli's politics
Statement of responsibility, etc. by Catherine H. Zuckert.
260 ## - PUBLICATION, DISTRIBUTION, ETC.
Place of publication, distribution, etc. Chicago ; London
Name of publisher, distributor, etc. The University of Chicago Press
Date of publication, distribution, etc. 2017
300 ## - PHYSICAL DESCRIPTION
Extent viii, 500 pages
338 ## -
-- volume
-- rdacarrier
350 ## -
-- 42.01
650 #0 - SUBJECT ADDED ENTRY--TOPICAL TERM
Topical term or geographic name entry element MACHIAVELLI, NICCOLO', 1469-1527 - CRITICISM AND INTERPRETATION
650 #0 - SUBJECT ADDED ENTRY--TOPICAL TERM
Topical term or geographic name entry element POLITICAL SCIENCE
995 ## -
-- MAIN LIBRARY OPEN ACCESS
-- 748817
-- CBU-MAIN LIBRARY (Kitwe)
-- 42.01
-- JC 143 Zuc
-- 1
-- AVAILABLE
-- Jan 28, 2019
-- 748817
-- Main Library Open Access Collection
995 ## -
-- MAIN LIBRARY OPEN ACCESS
-- 748818
-- CBU-MAIN LIBRARY (Kitwe)
-- 42.01
-- JC 143 Zuc
-- 2
-- AVAILABLE
-- Jan 28, 2019
-- 748818
-- Main Library Open Access Collection
999 ## -
-- 82270
-- 82270
Holdings
Withdrawn status Lost status Source of classification or shelving scheme Damaged status Not for loan Permanent Location Current Location Shelving location Date acquired Total Checkouts Full call number Barcode Date last seen Copy number Price effective from Koha item type
          CBU-MAIN LIBRARY, KITWE. CBU-MAIN LIBRARY, KITWE.   09/27/2023   JC 143 Zuc 748817 09/27/2023 1 09/27/2023 MONOGRAPH
          CBU-MAIN LIBRARY, KITWE. CBU-MAIN LIBRARY, KITWE.   09/27/2023   JC 143 Zuc 748818 09/27/2023 2 09/27/2023 MONOGRAPH